| Tag |
First Indicator |
Second Indicator |
Subfields |
| LEADER |
00000cam a2200000 4500 |
| 001 |
in00000094072 |
| 005 |
20150927070246.0 |
| 008 |
720322s1969 enka b 00010 eng |
| 010 |
|
|
|a 72175790
|
| 015 |
|
|
|a B69-24056
|
| 020 |
|
|
|a 0114701989
|c 19/-
|
| 035 |
|
|
|a (OCoLC)00286415
|
| 035 |
|
|
|9 AAL5927AM
|
| 040 |
|
|
|a DLC
|c DLC
|d TXA
|d UtOrBLW
|
| 049 |
|
|
|a TXAM
|c [1146718]
|
| 050 |
0 |
0 |
|a TL526.G7
|b A4 no. 3597
|
| 082 |
0 |
|
|a 629.13/008 s
|a 629.134/32
|
| 100 |
1 |
|
|a Garner, Henry Clifford.
|
| 245 |
1 |
0 |
|a Comparison of three methods for the evaluation of subsonic lifting-surface theory /
|c by H. C. Garner, B. L. Hewitt and T. E. Labrujere.
|
| 264 |
|
1 |
|a London :
|b H.M.S.O.,
|c 1969.
|
| 300 |
|
|
|a 1 unnumbered page, 41 pages :
|b illustrations ;
|c 28 cm.
|
| 336 |
|
|
|a text
|b txt
|2 rdacontent
|
| 337 |
|
|
|a unmediated
|b n
|2 rdamedia
|
| 338 |
|
|
|a volume
|b nc
|2 rdacarrier
|
| 490 |
1 |
|
|a Aeronautical Research Council. Reports and memoranda, no. 3597
|
| 500 |
|
|
|a Cover title.
|
| 504 |
|
|
|a Bibliography: page 12.
|
| 650 |
|
0 |
|a Lift (Aerodynamics)
|
| 650 |
|
0 |
|a Airplanes
|x Wings.
|
| 700 |
1 |
|
|a Hewitt, B. L.
|q (Brian Lloyd)
|
| 700 |
1 |
|
|a Labrujere, T. E.
|
| 830 |
|
0 |
|a Reports and memoranda (Aeronautical Research Council (Great Britain)) ;
|v no. 3597.
|
| 999 |
|
|
|a MARS
|
| 999 |
f |
f |
|s e9cf94c7-e886-3761-b2cb-d0cb147970d5
|i 7fd55265-0b02-3a9a-8e35-3bdb09538ed4
|t 0
|
| 952 |
f |
f |
|p ric
|a Texas A&M University
|b Rellis Campus
|c Joint Library Facility
|d Remote Storage
|t 0
|e TL526.G7 A4 no. 3597
|h Library of Congress classification
|i unmediated -- volume
|m A14805538267
|
| 998 |
f |
f |
|a TL526.G7 A4 no. 3597
|t 0
|l Remote Storage
|